000 00539nam a2200181Ia 4500
003 GCL
008 140319s9999 xx 000 0 ara d
040 _aGCL /
_cGCL
082 0 4 _a811.1
_bط د
100 1 _aطرفة بن العبد
245 1 0 _aديوان طرفة بن العبد /
_cطرفة بن العبد
300 _a95 ص
490 _aالهيئة العامة للاستعلامات
_v0
650 0 4 _aالشعر العربى
650 0 4 _aالادب العربى
650 0 4 _aالعصر الجاهلى
942 _2ddc
_cBK
999 _c47259
_d47259